000 00535nam a2200193Ia 4500
005 20250326143543.0
008 250326s9999 xx 000 0 und d
020 _a0-7506-7523-3
037 _aTextbook
040 _aFMSL
_beng
_cFMSL
041 _aeng
_2eng
084 _aX:89Q8 P3
_qFMSL
100 _aAdams C W
_9748188
245 0 _aSix sigma deployment
_cAdams C W And Others
260 _aBoston
_bBoston, Butterworth Heinemann
_c2003
300 _a289p
942 _cTB
_hX:89Q8 P3
999 _c1300065
_d1300065